000 00375 a2200169 4500
001 188122
020 _a85-08-09779-4
040 _cMagnum
100 _aAzevedo, Ricardo
240 1 0 _aContos de bichos do mato
_lpor
245 1 0 _aContos de bichos do mato
300 _a103
362 0 _a2005
440 1 _aÁtica
697 _aLITERATURA INFANTO-JUVENIL
942 _cBK
999 _c188122
_d188122